000 00871pam a2200277 a 4500
008
020 _a0881676446 (hbk.)
049 _aMAIN
090 _aRM345
_bCAR
245 0 0 _aCardiovascular pharmacology /
_cedited by Michael J. Antonaccio.
250 _a3rd ed.
260 _aNew York :
_bRaven Press,
_cc1990.
300 _axvi, 556 p. :
_bill. ;
_c26 cm.
504 _aIncludes bibliographical references.
500 _aIncludes index.
650 0 _aCardiovascular pharmacology.
650 2 _aCardiovascular Agents
_xtherapeutic use.
650 2 _aCardiovascular Diseases
_xdrug therapy.
650 2 _aCardiovascular System
_xdrug therapy.
700 1 _aAntonaccio, Michael J.
907 _a.b10164170
_b04-09-13
_c30-05-05
003
005 20230120204053.0
040 _cNUST
942 _cBOOKS
_kRM345
_mCAR
999 _c116579
_d116579